01473 a2200169 4500003000400000005001700004008004100021020001800062100002100080245002700101260004800128300001000176520096000186942001201146999001901158952012601177OSt20251209165145.0251209b |||||||| |||| 00| 0 eng d a9780143456544 aGupta A.9215684 aThe Hidden Hindu Vol 2 bPenguin Random House Indiac2022aNew Delhi a300pp aPrithvi, a twenty-one-year-old, is searching for a mysterious middle-aged aghori (Shiva devotee), Om Shastri, who was traced more than 200 years ago before he was captured and transported to a high-tech facility on an isolated Indian island. When the aghori was drugged and hypnotized for interrogation by a team of specialists, he claimed to have witnessed all four yugas (the epochs in Hinduism) and even participated in both Ramayana and Mahabharata. Om's revelations of his incredible past that defied the nature of mortality left everyone baffled. The team also discovers that Om had been in search of the other immortals from every yuga. These bizarre secrets could shake up the ancient beliefs of the present and alter the course of the future. So who is Om Shastri? Why was he captured? Board the boat of Om Shastri's secrets, Prithvi's pursuit and adventures of other enigmatic immortals of Hindu mythology in this exciting and revealing journey. cBK2ddc c369304d369304 00102ddc40708MCAa001b001d2025-12-06e8g224.25l0pKBJP-BK-2894r2025-12-06 00:00:00v299.00w2025-12-06yBKz2894